000 00583nam a2200265Ia 4500
005 20260127113115.0
008 008 260114s9999 xx 000 0 eng d
037 _aTextbook
040 _aPSDL
040 _beng
040 _cPSDL
041 _2eng
041 _aeng
084 _aV1:19 N3
084 _qPSDL
245 0 _aGorbachev's Reforms and International Change
260 _aNew Delhi
260 _bLancers Books
260 _c1993
300 _a420p.
942 _cTB
942 _hV1:19 N3
999 _c1675814
_d1675814